00157 a2200073 450000100060000010000150000624500380002126000240005927548 aJardine, A aPL/1 programmer's reference guide abQuantum pubc1973